Loading...
| Fine Arts - Other | 0 | 6 | 0 | 2 | 60 | 95 | 132.17 | 1 | 6 | 0.00 | 0.00 |
| Social Science | 0 | 4 | 1 | 3 | 35 | 118 | 129.50 | 0 | 4 | 0.00 | 0.00 |
| Current Events | 1 | 1 | 0 | 0 | 25 | 31 | 53.00 | 1 | 2 | 0.00 | 0.00 |
| History - American | 1 | 1 | 0 | 0 | 25 | 70 | 76.50 | 2 | 2 | 0.00 | 0.00 |
| Philosophy | 0 | 2 | 0 | 1 | 20 | 122 | 129.00 | 0 | 2 | 0.00 | 0.00 |
| History - Ancient/Other | 1 | 1 | 1 | 0 | 20 | 56 | 78.50 | 1 | 2 | 0.00 | 0.00 |
| Fine Arts - Auditory | 0 | 2 | 0 | 0 | 20 | 142 | 150.50 | 2 | 2 | 0.00 | 0.00 |
| Other Academic | 0 | 2 | 0 | 0 | 20 | 97 | 104.00 | 0 | 2 | 0.00 | 0.00 |
| History - European | 0 | 2 | 1 | 0 | 15 | 95 | 97.50 | 0 | 2 | 0.00 | 0.00 |
| History - World | 0 | 1 | 0 | 0 | 10 | 80 | 80.00 | 1 | 1 | 0.00 | 0.00 |
| Literature - American | 0 | 1 | 0 | 0 | 10 | 116 | 116.00 | 0 | 1 | 0.00 | 0.00 |
| Literature - British | 0 | 1 | 0 | 1 | 10 | 151 | 151.00 | 0 | 1 | 0.00 | 0.00 |
| Religion | 0 | 2 | 2 | 0 | 10 | 129 | 130.00 | 0 | 2 | 0.00 | 0.00 |
| Mythology | 0 | 1 | 1 | 1 | 5 | 149 | 149.00 | 0 | 1 | 0.00 | 0.00 |
| Geography | 1 | 0 | 3 | 0 | 0 | 61 | 61.00 | 1 | 1 | 0.00 | 0.00 |
| Literature - European | 0 | 0 | 0 | 0 | 0 | 0.00 | 0 | 0 | 0.00 | 0.00 | |
| Science - Chemistry | 0 | 0 | 0 | 0 | 0 | 0.00 | 0 | 0 | 0.00 | 0.00 | |
| Fine Arts - Visual | 0 | 0 | 1 | 0 | -5 | 0.00 | 0 | 0 | 0.00 | 0.00 | |
| Science - Other | 0 | 0 | 1 | 0 | -5 | 0.00 | 0 | 0 | 0.00 | 0.00 | |
| Science - Biology | 0 | 0 | 1 | 0 | -5 | 0.00 | 0 | 0 | 0.00 | 0.00 |